| 000 | 00610nam a22002057a 4500 | ||
|---|---|---|---|
| 005 | 20170124110025.0 | ||
| 010 | _aB-158771 | ||
| 020 | _c00.00 | ||
| 035 | _aB-158771 | ||
| 037 | _bCen Lib/Ret | ||
| 040 |
_aDPL _bEN |
||
| 082 |
_a530.03 _bJOG |
||
| 100 |
_aJogindra Singh _920466 |
||
| 245 |
_aDictionary of physics / _cby Jogindra Singh |
||
| 260 |
_bA.P.H. Publishing Corporation _aNew Delhi _c2005 |
||
| 270 |
_bNew Delhi _a5, Ansari Road, Daryaganj _e110002 |
||
| 300 |
_a352p. : _c20(Hb) _bill. |
||
| 650 |
_aPhysics Dictionary. _vDictionary _920467 |
||
| 942 |
_2ddc _cEN _h530.03 _mJOG |
||
| 999 |
_c127422 _d127422 |
||